MARC-Details
| 000 -Satzkennung |
| Kontrollfeld mit fester Länge |
01945nam a2200457 c 4500 |
| 001 - Kontrollnummer |
| Kontrollfeld |
BV048813374 |
| 003 - Kontrollnummer Identifier |
| Kontrollfeld |
DE-604 |
| 005 - Datum und Zeit der letzten Transaktion |
| Kontrollfeld |
20251108091906.0 |
| 007 - Feld mit fester Länge zur physischen Beschreibung - Allgemeine Information |
| Kontrollfeld mit fester Länge |
t| |
| 008 - Feld mit fester Länge zur physischen Beschreibung - Allgemeine Angaben |
| Kontrollfeld mit fester Länge |
230213s2016 xx acf| |||| 00||| eng d |
| 020 ## - Internationale Standardbuchnummer |
| Internationale Standardbuchnummer |
9789941947018 |
| Verknüpfung |
978-9941-9470-1-8 |
| 020 ## - Internationale Standardbuchnummer |
| Gelöschte/ungültige ISBN |
9941947015 |
| Verknüpfung |
9941947015 |
| 035 ## - Systemkontrollnummer |
| System-Kontrollnummer |
(OCoLC)1372477362 |
| 035 ## - Systemkontrollnummer |
| System-Kontrollnummer |
(DE-599)BVBBV048813374 |
| 040 ## - Katalogisierungsquelle |
| Original-Katalogisierungsstelle |
DE-604 |
| Katalogisierungssprache |
ger |
| Übertragungsstelle |
RU-10907106 |
| 041 0# - Sprachcode |
| Sprachcode des Textes/der Tonspur oder des separaten Titels |
eng |
| 049 ## - Lokaler Bestand (OCLC) |
| Holding library |
DE-12 |
| 100 1# - Haupteintragung - Personenname |
| Personenname |
Shengelia, Kakha |
| Datumsangaben in Verbindung mit einem Namen |
1970- |
| Funktionsbezeichnung |
Verfasser |
| IDN des Normdatensatzes oder Standardnummer |
(DE-588)139794182 |
| Funktionsbezeichnungscode |
aut |
| Koha-Normdatenidentnummer |
67360 |
| 245 10 - Titel |
| Titel |
History of Georgia |
| Zusatz zum Titel |
from the ancient through the modern times |
| Verfasserangabe etc. |
Kakha Shengelia ; translated and edited by Khatuna Basilashvili, Associated professor, Caucasus University |
| 250 ## - Ausgabebezeichnung |
| Ausgabebezeichnung |
Third edition |
| 264 #1 - Produktion, Veröffentlichung, Distribution, Herstellung und Urheberrechtsvermerk |
| Herstellungs-, Veröffentlichungs- Vertriebs-, Erzeugungsort |
Tbilisi |
| Produzent, Herausgeber, Distributor, Hersteller |
Caucasus University Publishing House |
| Datum der Herstellung, der Veröffentlichung, des Vertriebs oder des Urheberschutzvermerks |
2016 |
| 300 ## - Physische Beschreibung |
| Umfang |
276 Seiten, 96 ungezählte Seiten Bildtafeln |
| Andere physische Details |
Illustrationen, Porträts, Karten, genealogische Tafeln |
| Maße |
25 cm |
| 336 ## - Inhaltstyp |
| Inhaltstypcode |
txt |
| Quelle |
rdacontent |
| Inhaltstypterm |
Text |
| 337 ## - Medientyp |
| Medientypcode |
n |
| Quelle |
rdamedia |
| 338 ## - Datenträgertyp |
| Datenträgertypcode |
nc |
| Quelle |
rdacarrier |
| 648 #7 - Nebeneintragung unter einem Schlagwort - Zeitschlagwort |
| Zeitschlagwort |
Geschichte |
| Quelle der Ansetzung oder des Terms |
gnd |
| Koha-Normdatenidentnummer |
rswk-swf |
| 650 07 - Nebeneintragung unter einem Schlagwort - Sachschlagwort |
| Sachschlagwort oder geografischer Name als Eintragungselement |
Politik |
| IDN des Normdatensatzes oder Standardnummer |
(DE-588)4046514-7 |
| Quelle der Ansetzung oder des Terms |
gnd |
| Koha-Normdatenidentnummer |
rswk-swf |
| 650 07 - Nebeneintragung unter einem Schlagwort - Sachschlagwort |
| Sachschlagwort oder geografischer Name als Eintragungselement |
Kultur |
| IDN des Normdatensatzes oder Standardnummer |
(DE-588)4125698-0 |
| Quelle der Ansetzung oder des Terms |
gnd |
| Koha-Normdatenidentnummer |
rswk-swf |
| 650 07 - Nebeneintragung unter einem Schlagwort - Sachschlagwort |
| Sachschlagwort oder geografischer Name als Eintragungselement |
Krieg |
| IDN des Normdatensatzes oder Standardnummer |
(DE-588)4033114-3 |
| Quelle der Ansetzung oder des Terms |
gnd |
| Koha-Normdatenidentnummer |
rswk-swf |
| 651 #4 - Nebeneintragung unter einem Schlagwort - Geografischer Name |
| Geografischer Name |
Georgia (Republic) / History |
| Koha-Normdatenidentnummer |
67361 |
| 651 #4 - Nebeneintragung unter einem Schlagwort - Geografischer Name |
| Geografischer Name |
Géorgie (République) / Histoire |
| Koha-Normdatenidentnummer |
67362 |
| 651 #7 - Nebeneintragung unter einem Schlagwort - Geografischer Name |
| Geografischer Name |
Georgia (Republic) |
| Quelle der Ansetzung oder des Terms |
fast |
| Koha-Normdatenidentnummer |
65745 |
| 651 #7 - Nebeneintragung unter einem Schlagwort - Geografischer Name |
| Geografischer Name |
Georgien |
| IDN des Normdatensatzes oder Standardnummer |
(DE-588)4022406-5 |
| Quelle der Ansetzung oder des Terms |
gnd |
| Koha-Normdatenidentnummer |
rswk-swf |
| 700 1# - Nebeneintragung - Personenname |
| Personenname |
Basilashvili, Khatuna |
| Funktionsbezeichnungscode |
trl |
| Koha-Normdatenidentnummer |
67363 |
| 856 4# - Elektronische Adresse und Zugriff |
| Kontaktstelle für Hilfe beim Zugriff |
Digitalisierung BSB München - ADAM Catalogue Enrichment |
| URL |
<a href="https://bvbr.bib-bvb.de:443/F?func=service&doc_library=BVB01&local_base=BVB01&doc_number=034079245&sequence=000001&line_number=0001&func_code=DB_RECORDS&service_type=MEDIA">https://bvbr.bib-bvb.de:443/F?func=service&doc_library=BVB01&local_base=BVB01&doc_number=034079245&sequence=000001&line_number=0001&func_code=DB_RECORDS&service_type=MEDIA</a> |
| OPAC-Notiz |
Inhaltsverzeichnis |
| 940 1# - EQUIVALENCE OR CROSS-REFERENCE--UNIFORM TITLE [OBSOLETE] [CAN/MARC only] |
| Zählung des Teils/der Abteilung eines Werkes |
oe |
| 942 11 - Zusätzliche Felder (Koha) |
| Koha-Medientyp |
Monographien |
| Ausgabe |
22/bsb |
| Klassifikation oder Aufstellungssystematik |
Andere/Generische Klassifikation |
| 942 11 - Zusätzliche Felder (Koha) |
| Koha-Medientyp |
|
| Ausgabe |
22/bsb |
| Klassifikation oder Aufstellungssystematik |
Andere/Generische Klassifikation |
| 942 11 - Zusätzliche Felder (Koha) |
| Koha-Medientyp |
|
| Ausgabe |
22/bsb |
| Klassifikation oder Aufstellungssystematik |
Andere/Generische Klassifikation |